[Event "North Sea Cup 17th"]
[Site "Esbjerg"]
[Date "2002.07.09"]
[Round "5"]
[White "Glek, Igor Vladimirovich"]
[Black "Stefansson, Hannes"]
[Result "1-0"]
[WhiteElo "2590"]
[BlackElo "2588"]
[Annotator "Psakhis,L"]
[PlyCount "57"]
[EventDate "2002.07.05"]
[EventType "tourn"]
[EventRounds "9"]
[EventCountry "DEN"]
[EventCategory "14"]
[SourceTitle "CBM 091"]
[Source "ChessBase"]
[SourceDate "2002.11.12"]
[SourceVersion "1"]
[SourceVersionDate "2002.11.12"]
[SourceQuality "1"]

1. e4 c5 2. Nf3 d6 3. Bb5+ Bd7 4. Bxd7+ Qxd7 5. O-O Nc6 6. c3 Nf6 7. d4 Nxe4 8.
d5 Ne5 9. Re1 Nf6 (9... Nxf3+ 10. Qxf3 Nf6 11. c4 e5 12. dxe6 fxe6 13. Bg5 Be7
14. Nc3 h6 15. Bh4 O-O 16. Qe2 g5 17. Qxe6+ Qxe6 18. Rxe6 Kf7 19. Rae1 Rfe8 20.
Bg3 Bf8 {1-0 Can,E-Husnullin,R/Izmir GP 2002/The Week in Chess 409 (64)}) 10.
Nxe5 dxe5 11. c4 (11. Rxe5 e6 12. c4 O-O-O 13. Nc3 Bd6 14. Re1 exd5 15. Nxd5 (
15. cxd5 Qf5 16. h3 h5 17. Be3 Rhe8 18. Qa4 a6 19. b4 cxb4 20. Nb5 Qxd5 21.
Nxd6+ Qxd6 22. Red1 Nd5 23. Rd4 Qc6 {0-1 Bergez,L-Abergel,T/Evry GM 2002/
Ajedrez Madrid (40)}) 15... Qf5 16. Be3 Rhe8 17. h3 Nxd5 18. cxd5 Kb8 19. b4
Bc7 20. Qa4 Qxd5 21. Rac1 Qd7 {0-1 Hokkanen,P-Shneider,A/EUR-Cup Halkidiki
2002/The Week in Chess 411 (29)}) 11... e6 12. Nc3 Be7 $6 $146 ({According to
all accounts} 12... O-O-O $5 {stronger than text, at least up to now White
didn't get any advantage on practice, for example} 13. Bg5 (13. Rxe5 Bd6) 13...
h6 $1 14. Bh4 Be7 15. Rxe5 Nxd5 16. cxd5 Bxh4 17. Qg4 Bf6 18. dxe6 fxe6 19.
Rxc5+ Kb8 {1/2-1/2 Kristensen,B-Shneider,A/Isle of Man op 1999 (24)}) (12...
Bd6 13. Bg5 h6 14. Bxf6 gxf6 15. dxe6 Qxe6 16. Nb5 Ke7 17. Qf3 Rab8 18. Rad1
Rhd8 19. Nc3 f5 20. Rd5 Rd7 {Vita-Simoni/corr 1977/1/2-1/2 (49)}) 13. Rxe5 exd5
14. Bg5 (14. Nxd5 Nxd5 15. Rxd5 Qc6 (15... Qe6 16. Be3 $36 (16. Qa4+ Qc6 17.
Qxc6+ bxc6)) 16. Re5 {[%csl Re8]}) 14... d4 $8 (14... dxc4 15. Qxd7+ Kxd7 16.
Rd1+ $18) ({Unfortunately for black the castle is taboo:} 14... O-O 15. Nxd5
Nxd5 16. Rxe7 $18) 15. Ne4 $1 O-O-O ({After} 15... Kf8 16. Nxf6 (16. Qf3 $5)
16... Bxf6 17. Bxf6 gxf6 18. Rxc5 Rg8 19. Rd5 Qg4 20. g3 $18 {Black's position
looks miserable.}) 16. Nxc5 Qc7 (16... Qc6 17. Rxe7 Qxc5 18. Bxf6 gxf6 19. Rxf7
d3 20. Qg4+ $16) 17. Nd3 Kb8 (17... Bd6 18. Bxf6 gxf6 19. Rh5 {[%csl Rf6,Rf7]
[%cal Gc4c5]}) 18. c5 Ka8 19. Qf3 $16 {[%csl Gd3,Ge5,Gf3,Gg5]} Rd7 20. Rae1 Bd8
(20... Rc8 $5) 21. Nb4 $1 {[%cal Gc5c6] By relocating this knight to the
kingside, White greatly increases his advantage in force on that flank.} Qc8 (
21... h6 22. Bf4) 22. c6 bxc6 (22... Rc7 23. Rb5 $5 bxc6 $140 24. Nxc6 $1) 23.
Nxc6 Qb7 24. a4 $5 {[%cal Ge5b5] White calmly brings more pieces into attack,
making Black's survival impossible.} (24. Bxf6 $6 gxf6 $1 (24... Bxf6 25. Re8+
Rxe8 26. Rxe8+ Bd8 27. Rxd8+ $18) 25. Re8 Rxe8 26. Rxe8 d3 27. Qxf6 Qb6 28. Qf3
Qb7 $11) 24... d3 25. Bd2 Rd6 26. Rc1 a6 (26... Nd7 27. Rb5 Bb6 28. a5 $18) 27.
b4 $1 {White is very consistent in his desire to open up the files!} Nd7 28.
Rf5 f6 29. b5 1-0

[Event "EU-Cup 18th"]
[Site "Kallithea"]
[Date "2002.09.28"]
[Round "7.5"]
[White "Rozentalis, Eduardas"]
[Black "Landa, Konstantin"]
[Result "1/2-1/2"]
[WhiteElo "2564"]
[BlackElo "2621"]
[Annotator "Psakhis,L"]
[PlyCount "106"]
[EventDate "2002.09.22"]
[EventType "team-swiss"]
[EventRounds "7"]
[EventCountry "GRE"]
[SourceTitle "CBM 092"]
[Source "ChessBase"]
[SourceDate "2003.02.06"]
[SourceVersion "1"]
[SourceVersionDate "2003.02.06"]
[SourceQuality "1"]
[WhiteTeam "Warsaw Polonia"]
[BlackTeam "Tomsk 400"]
[WhiteTeamCountry "POL"]
[BlackTeamCountry "RUS"]

1. e4 c5 2. Nf3 {Surprise! I just can remember few games when principle Eduard
Rozentalis avoids his favorite 2.c3} d6 3. Bb5+ Bd7 4. Bxd7+ Qxd7 5. O-O Nf6 6.
Re1 Nc6 7. b3 g6 8. Bb2 ({White employed a different plan in the game Adams,
M-Anand,V/Dortmund GM 2001 -} 8. c3 Bg7 9. d4 cxd4 10. cxd4 d5 11. e5 Ne4 12.
Bb2 O-O 13. Nbd2 Nxd2 14. Qxd2 Rfc8 15. h3 Nd8 $1 16. Rac1 Ne6 {but didn't get
any advantage.}) 8... Bg7 9. c4 e5 10. a3 (10. Nc3 O-O 11. d3 Rae8 (11... Nh5
12. Nd5 f5 13. Nd2 $13) 12. Nh4 Ne7 13. h3 Nh5 14. Nd5 Nxd5 15. cxd5 Nf4 16.
Bc1 f5 {Kristensen,B-Sadler,M/Gausdal PG 1994/1/2-1/2 (56)}) 10... O-O 11. d3
Ne8 12. Nc3 {[%csl Gd5]} Nc7 $146 {[%cal Gc7e6]} ({looks for me more natural,
for example} 12... f5 13. Nd5 Nd4 14. Nxd4 cxd4 15. Bc1 Nf6 16. f3 Nxd5 17.
exd5 Bf6 18. Bd2 g5 19. g4 h5 $132 {Ivanovic,A-Starcic,T/SLO-ch B18 1996/0-1 
(45)}) 13. Rb1 {[%cal Gb3b4]} Rfb8 {Both players are ready to start hard fight
on the queenside.} 14. Nd2 a6 15. Nd5 b5 16. Bc3 Rb7 ({In the case of} 16... b4
17. axb4 Nxd5 18. cxd5 Nxb4 19. Nc4 {[%csl Rc6] white keep clear advantage.})
17. h3 Nxd5 18. exd5 Ne7 19. b4 $1 cxb4 (19... Rc8 $5 20. bxc5 Rxc5 21. Ne4 Rc8
22. Bb4 Rb6) 20. axb4 Rc7 21. Rb3 {[%cal Gd1a1]} f5 22. f4 $1 {Slowly but
surely, White overplayed his opponent} bxc4 23. dxc4 e4 24. Bxg7 Kxg7 25. Qa1+
Kf7 26. Reb1 Rcc8 27. Qd4 Qa7 $5 28. Qxa7 Rxa7 {[%mdl 4096]} 29. Ra1 Kf6 30.
Rba3 Rca8 31. b5 {This move looks very strong, but it has some drawbacks} ({
Worth considering simple} 31. Kf2 {and after for example} g5 {White have
strong answer} 32. fxg5+ Kxg5 33. g4 $1 {with big, maybe even decisive
advantage}) 31... a5 32. Nb3 a4 33. Nd4 {[%cal Gd4c6]} Nc8 $8 34. Nc6 Rc7 35.
Rxa4 Rxa4 36. Rxa4 Nb6 {[%csl Rc4] White wood be happy now to have king on d4
instead of g1!} 37. Ra6 Nxc4 38. Ne5 $1 {Great chance} Nxe5 {Only response!} ({
After} 38... Ke7 39. b6 Nxb6 40. Nc6+ Rxc6 41. dxc6 Nc8 42. Kf2 Kd8 43. g4 $18
{White must win endgame}) 39. Rxd6+ Ke7 40. fxe5 {[%csl Gb5,Gd5,Ge5]} Rc5 41.
b6 Rb5 {It is difficult to believe, but White can't win this game anymore.} 42.
g3 g5 43. b7 (43. Kf2 $142 $5 f4 44. gxf4 gxf4 45. Rf6 Rxd5 46. Rxf4 Rxe5 47.
Rh4 $5 (47. b7 Rb5 48. Rh4 Kf6 49. Rxh7 Rb3 $11) 47... Rb5 (47... h5 48. b7 Rb5
49. Rxh5 Rb2+ (49... Rb3 $2 50. Rh8 $1 $18)) 48. Rxh7+ Kf6 49. Ke3 {with small
chances for victory}) 43... Rxb7 44. Rf6 Rb1+ 45. Kf2 Rb2+ 46. Ke1 Rb1+ 47. Kd2
Rb3 48. d6+ Kd7 49. Rxf5 Ke6 50. g4 (50. Rxg5 h6 51. Rh5 Rxg3 {and I don't see
how White can improve his position.}) 50... h6 51. Ke1 Re3+ $1 (51... Rxh3 52.
Rf8 $1) 52. Kf2 Rd3 53. Ke2 Kd5 $1 1/2-1/2

[Event "Pamplona"]
[Site "Pamplona"]
[Date "2003.12.23"]
[Round "4"]
[White "Sutovsky, Emil"]
[Black "Romero Holmes, Alfonso"]
[Result "1-0"]
[WhiteElo "2646"]
[BlackElo "2544"]
[Annotator "Psakhis,L"]
[PlyCount "59"]
[EventDate "2003.12.20"]
[EventType "tourn"]
[EventRounds "7"]
[EventCountry "ESP"]
[EventCategory "15"]
[SourceTitle "CBM 099"]
[Source "ChessBase"]
[SourceDate "2004.03.30"]
[SourceVersion "1"]
[SourceVersionDate "2004.03.30"]
[SourceQuality "1"]

1. e4 c5 2. Nf3 d6 3. Bb5+ {A quite strange move for a so aggresive
chessplayer like Emil Sutovsky!} Bd7 4. Bxd7+ Qxd7 5. O-O Nf6 ({I don't see
too many problems for black after} 5... Nc6 $5 6. c3 Nf6 {for example:} 7. Re1
(7. Qe2 $5) 7... e6 8. d4 cxd4 9. cxd4 d5 10. e5 Ne4 $11) 6. e5 dxe5 7. Nxe5
Qc8 ({Worth considering} 7... Qc7 $5 8. d4 cxd4 9. Qxd4 Nc6 10. Nxc6 Qxc6 $13)
8. Qf3 g6 (8... e6 $5 9. a4 (9. Nc3 Be7 10. d3 O-O 11. Bf4 Nfd7 12. Qg3 Nxe5
13. Bxe5 f6 14. Bxb8 Rxb8 15. Rae1 b5 16. Re2 Rb6 17. Rfe1 Qd7 18. Qf3 Re8 {
Breder,D-Aagaard,J/Budapest GM 2002}) 9... Be7 10. Nc3 O-O 11. d3 Nbd7 12. Nc4
Nb6 13. Bg5 Nbd5 14. Nxd5 Nxd5 15. Bxe7 {1/2-1/2 Galdunts,S-Savchenko,S/
Griesheim Testa GM 2004/}) 9. Re1 Bg7 10. d3 $146 (10. Nc4 O-O 11. Na5 Nbd7 12.
Nc3 Rb8 13. a4 a6 14. d3 Re8 15. Bf4 e5 16. Bg3 b5 17. axb5 axb5 18. Qc6 Nh5
19. Nd5 Bf8 {1/2-1/2 Adams,M-Van Wely,L/FRA t-ch 2001/ (43)}) 10... O-O 11. Nc3
Na6 {[%csl Ra6][%cal Ga6b4]} ({It is quite possible, that after} 11... e6 $5
12. Bg5 Nfd7 $13 {Black could equalize chances without big problems.}) 12. Nc4
(12. Bg5 $5) 12... Nb4 (12... Re8 $5) 13. Rxe7 $1 (13. Re2 Nc6 $11) 13... Nxc2
14. Rb1 Re8 (14... b6 $5 15. Bg5 $140 Nd4 16. Qf4 Ne6) 15. Rxe8+ Qxe8 $6 (15...
Nxe8 $142 16. Na5 (16. Nd5 Nd4 17. Qe4 Qd7 $13) 16... Qc7 $1 $13) 16. Bg5 $1
Qc6 {Black worsens his pawn structure, without any real compensation for it.}
17. Qxc6 bxc6 {[%csl Rc5,Rc6]} 18. Bxf6 (18. Ne4 Nd7) 18... Bxf6 19. Ne4 Be7 (
19... Bd4 20. a3 {[%csl Rc2]} f5 21. Ned6 $36) 20. Ne5 Nd4 (20... f5 $5 $14)
21. Nd7 Ne6 {Passive move} ({Black had good choice:} 21... Rd8 $142 $1 22.
Ndxc5 (22. Nexc5 Ne6 23. Rc1 Nxc5 24. Nxc5 Bxc5 25. Rxc5 Rxd3 26. g3 Rd2 27.
Rxc6 Rxb2 $11) 22... Ne2+ (22... f5 23. Nb7 Rd5 24. Nc3 Rd7 25. Na5 Bb4 26. Nc4
Bxc3 27. bxc3 Ne2+ 28. Kf1 Nxc3 29. Rb8+ Kg7 30. Ne5 Rc7 $11) 23. Kf1 Nf4 $13)
22. Rc1 Rd8 23. Ne5 Nd4 24. Kf1 Rd5 $6 ({Worth considering} 24... f6 $5 25. Nc4
f5 26. Nc3 Bf6 $13) 25. Ng4 Kg7 26. Ne3 Rh5 {[%csl Rh5]} 27. h3 Ne6 (27... f5
28. Ng3 Rh4 29. Nc4 $36) 28. Rc4 (28. Rc3 $142) 28... Bd8 $2 {Mistake!} ({
It is not easy to assess positions arising after} 28... Rd5 $5 29. Nxd5 $140
cxd5 30. Ra4 dxe4 31. dxe4 Bf6 32. b3 Bd4 $13) 29. Nd6 $16 (29. Ra4 Bb6 30. Nd6
{[%cal Gd6c8]}) 29... Rh4 $2 {[%mdl 8192] Black slips up in a difficult
position.} 30. Ndf5+ $1 1-0

[Event "Corus-B"]
[Site "Wijk aan Zee"]
[Date "2003.01.19"]
[Round "7"]
[White "Zhang, Zhong"]
[Black "Naiditsch, Arkadij"]
[Result "1-0"]
[WhiteElo "2624"]
[BlackElo "2585"]
[Annotator "Psakhis,L"]
[PlyCount "111"]
[EventDate "2003.01.14"]
[EventType "tourn"]
[EventRounds "13"]
[EventCountry "NED"]
[EventCategory "13"]
[SourceTitle "CBM 093"]
[Source "ChessBase"]
[SourceDate "2003.04.01"]
[SourceVersion "1"]
[SourceVersionDate "2003.04.01"]
[SourceQuality "1"]

1. e4 c5 2. Nf3 d6 3. Bb5+ Bd7 4. Bxd7+ Qxd7 5. c4 Nc6 6. Nc3 Nf6 7. d4 cxd4 8.
Nxd4 g6 9. f3 Bg7 10. Nde2 O-O 11. O-O {This line doesn't look too dangerous
for black, but it quite poisoned and controling bigger space White can pretend
for some initiative} Rfc8 ({Worth consideration another plan} 11... a6 $5 12.
a4 e6 13. Bg5 Qc7 14. Kh1 Nd7 {for example} 15. Rb1 Rac8 16. b3 Nc5 17. Bf4 Ne5
18. Be3 Rfd8 19. Bd4 Nc6 20. Bxg7 Kxg7 21. f4 Kg8 22. f5 Ne5 $13 {1/2-1/2
Miroshnichenko,E-Sakaev,K/EUR-ch blitz Panormo 2002/ (38)}) 12. b3 a6 13. a4
Qd8 14. Be3 (14. Kh1 Nd7 15. Bg5 Qa5 16. Qd2 Nc5 17. Rab1 e6 18. Rfd1 Rab8 19.
Bh4 Qb6 {1-0 Kramnik,V-Gelfand,B/Sanghi Nagar (m/3) 1994/[Kramnik,V] (35)})
14... Nd7 15. Rb1 Qa5 $146 ({Black employed a different plan in the game} 15...
Rab8 16. Qd2 Qf8 17. Kh1 Nc5 18. Rfd1 Na5 19. Qa2 Nc6 20. Nd5 b6 21. h3 $14 {
Tkachiev,V-Summerscale,A/Cannes op 1996/1-0 (64)}) 16. Qd2 Qb4 17. Rfd1 Nc5 18.
Qc2 $1 {[%cal Rc3d5]} Qa5 $8 {Black's queen had to go back, but he still has
tough and solid position} 19. Kh1 Nd7 20. Qd2 Qb4 (20... Rab8 $5) 21. Bg5 Re8
22. Bh4 Rac8 23. f4 $5 {Starting activity on the king's side.} Nc5 24. Qc2 (24.
Qe3 e6 25. Be1 $5 Qa3 26. Rxd6 $13) 24... Qa3 25. Rf1 e6 ({I think that Black
rightly avoided the line} 25... Bxc3 26. Nxc3 (26. Qxc3 $2 Nxe4) 26... Nd4 27.
Qd1 Ncxb3 28. Nd5 $44) 26. f5 Nb4 ({Maybe} 26... Be5 $5 {was better option})
27. Qd1 exf5 28. exf5 Ne4 ({And after} 28... Re3 $5 29. fxg6 $5 hxg6 30. Bf6 $1
Rd3 31. Qe1 $36 {White is upper hand}) 29. Nxe4 Rxe4 30. Bg5 $1 {[%cal Gg5c1]
Playing quite naturally White has reached a particularly good position} Ree8
31. Ng3 ({Worth consideration} 31. f6 $5 Bf8 32. Nc3 Nc6 33. Nd5 $16 {and
Black should have stuck to a passive defense}) 31... Nc6 32. fxg6 hxg6 33. Rxf7
$5 {Unfortunately for Black, the residence of her monarch isn't safe, which
White proves energetically!} (33. Qf3 Rc7 34. Ne4 $36) 33... Qc5 (33... Kxf7 $2
34. Qd5+ Re6 35. Rf1+ $18) 34. Rxg7+ $1 {[%mdl 512] There is no need for a
long cogitation here to perceive that the elimination of black dark-squared
bishop will bring White large dividends: elimination of an important defender
of Black's king and full control of the dark squares.} Kxg7 35. Qg4 $40 Ne5 (
35... Qd4 36. Qh3 Kg8 37. Rf1 $40) {Zhang Zhong start to play not the best way
from this moment.} 36. Qh4 ({White could get decisive attack after} 36. Qf4
$142 $5 {for example} Rc7 $140 37. Ne4 Qc6 38. Bh6+ Kh8 39. Nf6 Rf7 40. Bg5 $1
$18) 36... Nf7 $8 37. Bf6+ Kg8 38. Qg4 Kh7 (38... Ne5 39. Bxe5 Qxe5 40. Qxg6+
Kh8 41. Rf1 $18) 39. Rf1 Rc7 (39... d5 {lose immediately -} 40. Nf5 $1 Rc6 41.
Bd4 $18) 40. Qh4+ {Missing quick victory -} (40. Bd4 $142 $1 Nh6 $8 (40... Qc6
41. Rxf7+) 41. Qh4 Qa5 42. Ne4 $18) 40... Kg8 41. h3 (41. Nf5 $5 $16) 41... Qe3
42. Kh2 Qh6 (42... Qxb3 43. Ba1 Qxc4 44. Qf6 Kf8 45. Qxd6+ $18) 43. Qg4 {
[%cal Rg3f5]} Ne5 44. Bxe5 $1 dxe5 ({Maybe} 44... Rxe5 $5 45. Ne4 $16 {could
give more chances to Black for survival}) 45. Ne4 Ree7 (45... Kh8 $5 46. Rf6
$16) 46. Nf6+ Kh8 (46... Kg7 47. Nd5 Rf7 48. Re1) 47. Nd5 Rf7 48. Re1 Rc6 49.
Rxe5 {[%csl Gd5,Ge5]} Qf8 50. Qg3 Qd6 51. c5 ({White continue to play cat and
mouse game -} 51. Nf4 $142 $1 $18 {wins at once!}) 51... Qf8 (51... Qxc5 52.
Qg5 (52. Ne7 Qxe7 53. Rxe7 Rxe7 54. Qh4+ Rh7 55. Qd8+ Kg7 $14) 52... Kg7 53.
Ne7 $18) 52. b4 $18 Kg7 (52... Kh7 53. Re4) 53. Qc3 (53. Re4 {[%cal Rg3e5]})
53... Kg8 54. Qe3 Kh7 55. Re8 Qg7 56. b5 {Quite interesting game!} 1-0

[Event "Montreal-A 5th"]
[Site "Montreal"]
[Date "2004.08.05"]
[Round "2"]
[White "Rozentalis, Eduardas"]
[Black "Charbonneau, Pascal"]
[Result "0-1"]
[WhiteElo "2619"]
[BlackElo "2472"]
[Annotator "Psakhis,L"]
[PlyCount "90"]
[EventDate "2004.08.04"]
[EventType "tourn"]
[EventRounds "11"]
[EventCountry "CAN"]
[EventCategory "12"]
[SourceTitle "CBM 103"]
[Source "ChessBase"]
[SourceDate "2004.11.11"]
[SourceVersion "1"]
[SourceVersionDate "2004.11.11"]
[SourceQuality "1"]

1. e4 c5 2. Nf3 d6 3. Bb5+ Bd7 4. Bxd7+ Qxd7 5. O-O Nf6 6. e5 dxe5 7. Nxe5 Qc7
(7... Qc8 $5) 8. d4 e6 9. Bf4 Bd6 (9... Qd8 10. Nc3 cxd4 11. Nb5 a6 12. Nxd4
Be7 13. c3 O-O 14. Qe2 Qc8 15. Rad1 Re8 16. Rd3 Bf8 17. Rh3 Nbd7 18. Ndf3 Nxe5
19. Bxe5 Be7 20. Ng5 $36 {[%csl Ge5,Gg5,Gh3] 1-0 Degraeve,J-Le Huec,M/
Saint-Affrique op 2004 (45)}) 10. Nc3 $6 {Good idea, poor implementation. The
following should have been played:} ({Black experiences much more difficulties
after} 10. Na3 $142 $5 Bxe5 (10... a6 11. Nac4 O-O 12. Nxd6 Qxd6 13. Ng6 Qxd4
14. Nxf8 Kxf8 15. Be3 $18) 11. dxe5 (11. Bxe5 Qc6 12. c4 Nbd7 13. d5 Qb6 14.
Bg3 O-O 15. dxe6 Qxe6 16. Re1 Qc6 17. Nb5 a6 18. Nd6 Rad8 19. Qb3 $14 {1-0
Bologan,V-Naiditsch,A/Mainz Ordix op 2004/ (112)}) 11... Nd5 12. Nb5 Qe7 13.
Nd6+ Kf8 14. Bg3 h5 15. c4 Nb6 16. f4 g6 17. Qe1 f5 18. exf6 Qxd6 19. Rd1 {
1-0 Lendwai,R-Postl,A/OST-ch 1991 (19)}) 10... a6 11. Bg3 (11. Re1 Nc6 12. Ne4
Nxe4 13. Rxe4 O-O-O 14. Qh5 Bxe5 15. Bxe5 Nxe5 16. dxe5 Kb8 17. Qg5 Rhg8 18. h4
Rd5 19. c4 Rd7 {1/2-1/2 Gushpit,J-Askarian,K/UKR t-ch 1998 (29)}) 11... Nc6 $5
$146 (11... cxd4 $5 12. Qxd4 Nc6 13. Nxc6 Bxg3 14. hxg3 Qxc6 15. Rad1 O-O 16.
Rd3 Rac8 $11 {0-1 Di,D-Toth/Torino 1983 (30)}) 12. Nxc6 Bxg3 13. fxg3 (13. hxg3
Qxc6 14. dxc5 Qxc5 $15 {=}) 13... Qxc6 14. d5 {Now it is clear, that without
serious measures White will get a slightly worse position without big chances
for equalization.} (14. dxc5 Qxc5+ 15. Kh1 O-O $15) 14... exd5 (14... Nxd5 15.
Nxd5 Qxd5 16. Qxd5 exd5 17. Rae1+ Kf8 18. Rf5 Rd8 19. Ree5 $44) 15. Re1+ Kd7 $5
{Looks too risky, but has proved to be all right.} (15... Kf8 16. Qf3 Re8 17.
Rxe8+ Kxe8 18. Re1+ Kf8 19. Qf4 $132) 16. Qf3 (16. g4 h6) (16. Ne4 $142 $5 Nxe4
17. Rxe4 Rhe8 (17... g6 18. Re5 $13) 18. Qg4+ Kc7 19. Rxe8 Rxe8 20. Qxg7 Qg6
21. Qc3 $132) 16... Rad8 (16... Rae8 17. Nxd5 Nxd5 18. Red1 Ke6 {[%csl Re6]})
17. Rad1 ({The following does not give anything to White} 17. g4 h6 18. h4 c4
$5 19. g5 $140 $2 hxg5 20. hxg5 Qc5+ 21. Re3 Rhe8 22. Rae1 Rxe3 23. Rxe3 Re8
24. Nd1 Ne4 $17) 17... Rhe8 18. Qf5+ ({Worth of considering was} 18. Ne4 $5
Nxe4 19. Rxe4 Kc8 20. Rxe8 Qxe8 21. Qg4+ $15 {and Black must still work hard
to convert his initiative into something real.}) 18... Kc7 19. Rxe8 Qxe8 (19...
Rxe8 $11) 20. h3 (20. Qg5 d4 $1 21. Qxc5+ Kb8 $19) 20... Qe6 21. Qg5 g6 $17 {
[%csl Gc5,Gd5]} 22. Rf1 Ne8 23. Qh6 (23. g4 $5) 23... d4 $1 24. Na4 b6 $5 25.
Qxh7 Nd6 $17 {[%csl Ra4,Gd4,Gd6,Ge6,Rh7]} 26. b3 Rd7 (26... Qe4 $5) 27. Qh8 Rd8
28. Qh4 Re8 $5 29. g4 Qe3+ 30. Kh2 (30. Kh1 Qe2 $19) 30... b5 ({It looks that
Black could win here just in few moves after} 30... d3 $1 31. cxd3 b5 32. Nb2
Qe5+ $19) 31. Nb2 (31. Nxc5 $4 Qe5+) 31... Qc3 32. Nd3 Qxc2 33. Rf3 Qe2 $6 ({
After} 33... c4 $142 34. Nf4 Qe4 $19 {Black's positional and material
advantage is decisive.}) 34. Qg3 $6 {White slips up in a difficult position.} (
34. Qg5 $142 $1 f5 35. Qxg6 $15) 34... Kc6 35. Rf6 Re6 36. Rf2 Qe3 37. Rf3 Qe4
38. b4 (38. Rf4 Qd5 {[%cal Ge6e3]}) 38... c4 $1 39. Nc5 Qe5 {[%csl Gc4,Gd4]}
40. Nxe6 Qxg3+ 41. Kxg3 fxe6 {The smoke has cleared, Black has great
compensation for the exchange and manages to turn it into a win very quickly.}
42. Kf2 $8 c3 43. Ke1 e5 (43... Nc4 $5) 44. h4 e4 45. Rh3 (45. Rf6 d3 46. Rxg6
e3 $19) 45... Nc4 {[%csl Gc3,Gc4,Gd4,Ge4]} 0-1